The Code of Criminal Procedure,1973 alongwith Juvenile Justice and Probation of Offenders (Record no. 154852)

MARC details
000 -LEADER
fixed length control field 00601nam a22002057a 4500
003 - CONTROL NUMBER IDENTIFIER
control field dpl
005 - DATE AND TIME OF LATEST TRANSACTION
control field 20180726111647.0
008 - FIXED-LENGTH DATA ELEMENTS--GENERAL INFORMATION
fixed length control field 180726b xxu||||| |||| 00| 0 eng d
020 ## - INTERNATIONAL STANDARD BOOK NUMBER
Terms of availability 140.00
035 ## - SYSTEM CONTROL NUMBER
System control number B-110510
040 ## - CATALOGING SOURCE
Original cataloging agency DPL
Language of cataloging EN
Transcribing agency 0
082 ## - DEWEY DECIMAL CLASSIFICATION NUMBER
Classification number 347
100 ## - MAIN ENTRY--PERSONAL NAME
Personal name Saxena,R.N.
245 ## - TITLE STATEMENT
Title The Code of Criminal Procedure,1973 alongwith Juvenile Justice and Probation of Offenders
Statement of responsibility, etc by R.N.Saxena
250 ## - EDITION STATEMENT
Edition statement 12th ed.
260 ## - PUBLICATION, DISTRIBUTION, ETC. (IMPRINT)
Place of publication, distribution, etc Allahabad
Name of publisher, distributor, etc Central Law Agency
Date of publication, distribution, etc 2004
300 ## - PHYSICAL DESCRIPTION
Extent 372p.;
Dimensions 21cm
700 ## - ADDED ENTRY--PERSONAL NAME
Personal name Revised by Khanna,Rakesh
942 ## - ADDED ENTRY ELEMENTS (KOHA)
Source of classification or shelving scheme Dewey Decimal Classification
Koha item type English Books
Classification part 347
Call number suffix SAX
Holdings
Withdrawn status Lost status Source of classification or shelving scheme Damaged status Not for loan Collection code Home library Current library Date acquired Source of acquisition Cost, normal purchase price Total Checkouts Full call number Barcode Date last seen Cost, replacement price Price effective from Koha item type
    Dewey Decimal Classification     Non-fiction Patel Nagar Patel Nagar 26/07/2018 BPPD/Pub 140.00   347 SAX B-110510 26/07/2018 140.00 26/07/2018 English Books

© Delhi Public Library
Hit Counter
free hit counter